|
|
|
|
| LEADER |
00990nam a22001811a 4500 |
| 999 |
|
|
|c 49180
|d 49180
|
| 082 |
|
|
|a M 070.4
|b JOY/V.2
|
| 100 |
|
|
|a Joy Thirumoolapuram
|
| 245 |
|
|
|a Vartha (vol.2)/
|c by Joy Thirumoolapuram
|
| 260 |
|
|
|a Thiruvananthapuram:
|b Kerala Bhasha Institute ,
|c 1997.
|
| 300 |
|
|
|a 212p.
|
| 650 |
|
|
|a Newspaper
|
| 650 |
|
|
|a Journalism
|
| 942 |
|
|
|c BK
|
| 952 |
|
|
|0 0
|1 0
|4 0
|6 M_070_400000000000000_JOY_V_2
|7 0
|9 71392
|a SSUS
|b SSUS
|c STACKS
|d 2015-01-08
|g 75.00
|o M 070.4 JOY/V.2
|p 025809
|r 2015-01-08
|v 0.00
|w 2015-01-08
|y BK
|
| 952 |
|
|
|0 0
|1 0
|4 0
|6 M_070_400000000000000_JOY_V_2
|7 0
|9 71393
|a SSUS
|b SSUS
|c STACKS
|d 2015-01-08
|g 75.00
|o M 070.4 JOY/V.2
|p 031732
|r 2015-01-08
|v 0.00
|w 2015-01-08
|y BK
|
| 952 |
|
|
|0 0
|1 0
|4 0
|6 M_070_400000000000000_JOY_V_2
|7 0
|9 71394
|a SSUS
|b SSUS
|c STACKS
|d 2016-08-01
|g 75.00
|o M 070.4 JOY/V.2
|p 025808
|r 2016-08-01
|w 2016-08-01
|y BK
|
| 952 |
|
|
|0 0
|1 0
|2 ddc
|4 0
|6 M_070_400000000000000_JOY_V_2
|7 0
|9 102497
|a SSUS
|b SSUS
|c STACKS
|d 2020-03-16
|g 75.00
|o M 070.4 JOY/V.2
|p 099476
|r 2020-07-08
|w 2020-03-16
|y BK
|